|
|
|
|
| LEADER |
00000nab a2200000 a 4500 |
| 001 |
vtls000101681 |
| 003 |
SK-MaSNL |
| 005 |
20260304173637.0 |
| 008 |
140328c1981 xo 0 slo |
| 015 |
|
|
|a SNBRB19rr/mm-uuuuu
|
| 035 |
|
|
|a CL0111784
|
| 040 |
|
|
|a SNKBUCL
|b slo
|c SNKBUCL
|e AACR2
|
| 041 |
0 |
|
|a slo
|
| 044 |
|
|
|a xo
|c SK
|
| 080 |
|
|
|a 632.5/.7
|2 1981
|
| 080 |
|
|
|a 634.1/.7
|2 1981
|
| 080 |
|
|
|a 632.9
|2 1981
|
| 100 |
1 |
|
|a Zacha, Vladimír,
|d 1925-1995
|4 aut
|9 97506
|
| 245 |
1 |
0 |
|a Mníšky - škodcovia ovocných stromov
|c V. Zacha
|
| 300 |
|
|
|b Obr. 1.
|
| 650 |
0 |
7 |
|a ovocné dreviny
|2 snkbucl
|9 29477
|
| 650 |
0 |
7 |
|a mníška zlatoritka
|2 snkbucl
|9 89455
|
| 650 |
0 |
7 |
|a mníška veľkohlavá
|2 snkbucl
|9 74776
|
| 655 |
|
7 |
|a články z novín a časopisov
|2 snkbucl
|9 267496
|
| 773 |
0 |
|
|t Záhradkár chovateľ
|g Roč. 17, č. 11 (1981), s. 405
|
| 850 |
|
|
|a Slovenská národná knižnica v Martine
|a MTA001
|
| 852 |
|
|
|a SNK
|b KIS3GCP
|
| 958 |
|
|
|a RK
|
| 992 |
|
|
|a RBX
|
| 999 |
|
|
|c 3004841
|d 3006771
|